| 000 | 00827nam a2200265 i 4500 | ||
|---|---|---|---|
| 001 | 91363 | ||
| 003 | ES-MaACL | ||
| 005 | 20230906180715.0 | ||
| 007 | t| | ||
| 008 | 050128s1984 sp ||||1| spa d | ||
| 020 | _a950-23-0070-X | ||
| 100 | 1 |
_aLévi-Strauss, Claude. _971961 |
|
| 245 | 1 | 0 |
_aAntropología estructural / _cClaude Lévi-Strauss ; [traducida de la edición francesa de 1961 por Eliseo Verón ; revisor técnico Eduardo Luis Menéndez]. |
| 250 | _a9ª ed. | ||
| 260 |
_aBuenos Aires : _bEudeba, _c1984. |
||
| 300 |
_aXLVIII, 371 p. ; _c23 cm. |
||
| 490 | 1 | _aManuales | |
| 500 | _aIndice. | ||
| 504 | _aBibliografía. | ||
| 700 | 1 |
_aMenéndez, Eduardo Luis. _980285 |
|
| 700 | 0 |
_aVerón, Eliseo. _9114192 |
|
| 830 | 0 |
_aManuales _9178657 |
|
| 852 |
_aES-MaACL _jL-9404 _bR.111106 |
||
| 999 |
_c91363 _d91363 |
||